Imām al-Yaman Aḥmad Hamīd al-Dīn (Record no. 48908)
[ view plain ]
| 000 -LEADER | |
|---|---|
| fixed length control field | 00827cam a22002291 4500 |
| 001 - CONTROL NUMBER | |
| control field | ne 66000955 |
| 003 - CONTROL NUMBER IDENTIFIER | |
| control field | DLC |
| 005 - DATE AND TIME OF LATEST TRANSACTION | |
| control field | 20260227111823.0 |
| 008 - FIXED-LENGTH DATA ELEMENTS--GENERAL INFORMATION | |
| fixed length control field | 900427s1965 le h 000 0barar |
| 010 ## - LIBRARY OF CONGRESS CONTROL NUMBER | |
| LC control number | ne 66000955 |
| 025 ## - OVERSEAS ACQUISITION NUMBER | |
| Overseas acquisition number | PL480:UAR-7070 |
| 035 ## - SYSTEM CONTROL NUMBER | |
| System control number | (OCoLC)21438671 |
| 040 ## - CATALOGING SOURCE | |
| Original cataloging agency | DLC |
| Transcribing agency | WaU |
| Modifying agency | DLC |
| 042 ## - AUTHENTICATION CODE | |
| Authentication code | premarc |
| 050 00 - LIBRARY OF CONGRESS CALL NUMBER | |
| Classification number | DS247.Y48 |
| Item number | S5 |
| 100 1# - MAIN ENTRY--PERSONAL NAME | |
| Personal name | Shāmī, Aḥmad Muḥammad, |
| Dates associated with a name | 1924- |
| 245 10 - TITLE STATEMENT | |
| Title | Imām al-Yaman Aḥmad Hamīd al-Dīn |
| Statement of responsibility, etc. | [taʼlīf] Aḥmad Muḥammad al-Shāmī. Qaddama lahu Aḥmad Muḥammad Nuʻmān. Qarraẓahu ʻAbd al-Raḥmān al-Aryānī maʻa iʻtirāfāt Muḥammad Maḥmūd al-Zubayrī. |
| 250 ## - EDITION STATEMENT | |
| Edition statement | [al-Ṭabʻah 1.] |
| 260 ## - PUBLICATION, DISTRIBUTION, ETC. | |
| Place of publication, distribution, etc. | [Bayrūt] |
| Name of publisher, distributor, etc. | Dār al-Kitāb al-Jadīd |
| Date of publication, distribution, etc. | [1965] |
| 300 ## - PHYSICAL DESCRIPTION | |
| Extent | 191 p. |
| Other physical details | facsims. |
| Dimensions | 21 cm. |
| 600 00 - SUBJECT ADDED ENTRY--PERSONAL NAME | |
| Personal name | Ahmad, |
| Titles and other words associated with a name | Imam of Yemen, |
| Dates associated with a name | 1893-1962. |
No items available.